Central Library OPAC University of Rajshahi

International Conference on Cataloguing Principles, Paris, 9th-18th October, 1961 : (Record no. 750)

MARC details
000 -LEADER
fixed length control field 01354nam a22003132a 4500
001 - CONTROL NUMBER
control field 750
003 - CONTROL NUMBER IDENTIFIER
rucl marc code UkOxU
005 - DATE AND TIME OF LATEST TRANSACTION
control field 20211208233226.0
008 - FIXED-LENGTH DATA ELEMENTS--GENERAL INFORMATION
fixed length control field 131123r1963 enk 101 0 eng d
020 ## - INTERNATIONAL STANDARD BOOK NUMBER
International Standard Book Number 0903043335 (pbk)
035 ## - SYSTEM CONTROL NUMBER
System control number (BDjRUL)770
040 ## - CATALOGING SOURCE
Original cataloging agency UKM
Transcribing agency UKM
Modifying agency BDjRUL
Language of cataloging eng
041 ## - LANGUAGE CODE
Language code of text/sound track or separate title eng
082 ## - DEWEY DECIMAL CLASSIFICATION NUMBER
Classification number 025.3
Edition number 19
Author mark and year INT 1963
111 2# - MAIN ENTRY--MEETING NAME
Meeting name or jurisdiction name as entry element International Conference on Cataloguing Principles
Date of meeting (1961 :
Location of meeting Paris)
9 (RLIN) 2234
245 10 - TITLE STATEMENT
Title International Conference on Cataloguing Principles, Paris, 9th-18th October, 1961 :
Remainder of title report /
Statement of responsibility, etc. A.H. Chaplin and Dorothy Anderson
260 ## - PUBLICATION, DISTRIBUTION, ETC. (IMPRINT)
Place of publication, distribution, etc. London (c/o The British Library, Reference Division, Great Russell St., WC1B 3DG) :
Name of publisher, distributor, etc. IFLA International Office for UBC,
Date of publication, distribution, etc. c1963.
300 ## - PHYSICAL DESCRIPTION
Pagination viii, 293 p. ;
Size 25 cm
500 ## - GENERAL NOTE
General note Originally published: London (National Central Library, Malet Pl., WC1) : Organizing Committee of the International Conference on Cataloguing Principles, 1963
General note Includes index
General note At head of title: International Federation of Library Associations and Institutions
650 #0 - SUBJECT ADDED ENTRY--TOPICAL TERM
Topical term or geographic name as entry element Cataloging
9 (RLIN) 2235
700 1# - ADDED ENTRY--PERSONAL NAME
Personal name Chaplin, A. H.
Fuller form of name (Arthur Hugh),
Dates associated with a name 1905-1996.
Personal name Anderson, Dorothy,
Dates associated with a name 1923-
710 2# - ADDED ENTRY--CORPORATE NAME
Corporate name or jurisdiction name as entry element International Federation of Library Associations and Institutions.
9 (RLIN) 2238
942 ## - ADDED ENTRY ELEMENTS (KOHA)
Source of classification or shelving scheme Dewey Decimal Classification
Koha item type Books
Holdings
Lost status Source of classification or shelving scheme Damaged status Not for loan Collection code Permanent Location Current Location Shelving location Date acquired Source of acquisition Cost, normal purchase price Total Checkouts Full call number Date last seen Copy number Koha item type
  Dewey Decimal Classification     Non-fiction Central Library, University of Rajshahi Central Library, University of Rajshahi   27/04/1967 Zeitlinger 63.00   025.3 INT 1963 23/11/2013 C-2 Books
  Dewey Decimal Classification     Non-fiction Central Library, University of Rajshahi Central Library, University of Rajshahi   07/07/1964 Zeitlinger 63.00   025.3 INT 1963 06/12/2016 C-3 Books